[Event "MEX-ch"]
[Site "Mexico City"]
[Date "2023.11.08"]
[Round "2"]
[White "Vega Castaneda, Luis Carlos"]
[Black "Navarro Segura, Roberto"]
[Result "1/2-1/2"]
[WhiteElo "1814"]
[BlackElo "2055"]
[PlyCount "63"]
[EventDate "2023.11.07"]
[EventType "swiss"]
[EventRounds "9"]
[EventCountry "MEX"]
[SourceTitle "CB46_2023"]
[SourceDate "2023.11.15"]
[SourceVersion "1"]
[SourceVersionDate "2023.11.15"]
[SourceQuality "1"]

1. d4 d5 2. Nc3 c5 3. Nf3 Nc6 4. a3 cxd4 5. Nxd4 e5 6. Nb3 Be6 7. e3 Nf6 8. Be2 Be7 9. 0-0 0-0 10. Kh1 a6 11. Na4 b6 12. f4 Ne4 13. f5 Bc8 14. Nd2 Nc5 15. Nxc5 bxc5 16. e4 Nd4 17. c3 Nxe2 18. Qxe2 Bb7 19. exd5 Qxd5 20. c4 Qc6 21. Nb3 Rfd8 22. Be3 Qb6 23. Nd2 a5 24. a4 Rd7 25. b3 Rad8 26. Rab1 Rd3 27. Rb2 Qc6 28. Rf2 Bh4 29. Rf3 Qf6 30. Rh3 Qxf5 31. Rxh4 Qf6 32. Kg1 1/2-1/2

[Event "FIDE World Cup Mexico Qual"]
[Site "Mexico City"]
[Date "2021.05.26"]
[Round "1"]
[White "Vega Castaneda, Luis Carlos"]
[Black "Carreto Nieto, Geovanni"]
[Result "0-1"]
[WhiteElo "1867"]
[BlackElo "2208"]
[PlyCount "108"]
[EventDate "2021.05.26"]
[EventType "swiss"]
[EventRounds "9"]
[EventCountry "MEX"]
[SourceTitle "CBM 202 Extra"]
[Source "ChessBase"]
[SourceDate "2021.07.31"]
[SourceVersion "1"]
[SourceVersionDate "2021.07.31"]
[SourceQuality "1"]

1. d4 Nf6 2. Nc3 d5 3. Bg5 Nbd7 4. f3 e6 5. e4 Be7 6. e5 Ng8 7. Bxe7 Nxe7 8. Qd2 a6 9. Nce2 c5 10. Qg5 cxd4 11. Nxd4 Qb6 12. 0-0-0 Ng6 13. f4 Nc5 14. Bd3 Na4 15. Nb3 Qe3+ 16. Kb1 Qxf4 17. Qxf4 Nxf4 18. Bf1 Bd7 19. Nf3 Rc8 20. Rd4 Ng6 21. Bd3 Nc5 22. Nxc5 Rxc5 23. Bxg6 hxg6 24. Re1 Ke7 25. h3 Rc4 26. c3 Rhc8 27. Re3 Bb5 28. Nd2 Rxd4 29. cxd4 f6 30. Rc3 Bc6 31. Rg3 Kf7 32. Re3 g5 33. Nf3 Bb5 34. Nd2 f5 35. Rc3 Rxc3 36. bxc3 Bd3+ 37. Kc1 f4 38. Kd1 Kg6 39. Ke1 Kh5 40. Kf2 g4 41. hxg4+ Kxg4 42. a3 g5 43. Nb3 b6 44. a4 a5 45. Nd2 Kf5 46. Kf3 g4+ 47. Kf2 Bc2 48. c4 Bxa4 49. cxd5 exd5 50. g3 Bc6 51. gxf4 Kxf4 52. e6 a4 53. e7 b5 54. Nb1 Ke4 0-1